[Event "HCL-B118"]
[Site "www.playchess.de"]
[Date "2001.04.01"]
[Round "6"]
[White "Gross"]
[Black "paule"]
[WhiteElo "1500"]
[BlackElo "1815"]
[PlyCount "42"]
[Result "0-1"]

1.e4 e6 2.d4 d5 3.Nc3 Bb4 4.exd5 exd5 5.Qf3 Qe7+ 
6.Nge2 Nc6 7.Qd3 Bg4 8.f3 Bh5 9.Be3 Bg6 10.Qd2 Nf6 
11.O-O-O O-O-O 12.Nf4 Bxc3 13.bxc3 Qa3+ 14.Kb1 
Rhe8 15.Nxg6 hxg6 16.Qd3 Rxe3 17.Qxe3 Nb4 18.Qf2 
Nxa2 19.Rd3 Rd6 20.c4 Rb6+ 21.Rb3 
Nc3+ 0-1

[Event "HCL-B118"]
[Site "www.playchess.de"]
[Date "2001.04.01"]
[Round "12"]
[White "rdr220"]
[Black "x_chess"]
[WhiteElo "1500"]
[BlackElo "1500"]
[PlyCount "25"]
[Result "1-0"]

1.e4 e5 2.Nf3 Nc6 3.d4 exd4 4.Nxd4 Nf6 5.Nxc6 bxc6 
6.Bd3 d5 7.e5 Ng4 8.O-O Bc5 9.Bf4 g5 10.Bd2 Qe7 
11.Bc3 Nxe5 12.Bxe5 Qxe5 13.Re1 1-0

[Event "HCL-B061"]
[Site "www.playchess.de"]
[Date "2001.04.01"]
[Round "7"]
[White "csadler"]
[Black "BVLGARI"]
[WhiteElo "1024"]
[BlackElo "1200"]
[PlyCount "31"]
[Result "1-0"]

1.e4 e5 2.Nf3 d6 3.d4 exd4 4.Qxd4 Nc6 5.Bb5 Bd7 
6.Bxc6 Bxc6 7.O-O Nf6 8.Bg5 Be7 9.Nc3 O-O 10.Rfe1 
d5 11.a3 h6 12.Bh4 dxe4 13.Qxd8 Bxd8 14.Ne5 g5 
15.Nxc6 bxc6 16.Bg3 1-0

[Event "HCL-B061"]
[Site "www.playchess.de"]
[Date "2001.04.01"]
[Round "8"]
[White "LAUGHINGJOHN"]
[Black "csadler"]
[WhiteElo "1500"]
[BlackElo "1024"]
[PlyCount "47"]
[Result "1-0"]

1.c4 Nf6 2.Nc3 e6 3.e4 d5 4.e5 Nfd7 5.cxd5 Nxe5 
6.d4 Ng6 7.Bb5+ Bd7 8.dxe6 fxe6 9.Qh5 Bxb5 
10.Qxb5+ Nc6 11.Nge2 Qb8 12.O-O a6 13.Qb3 Be7 
14.a3 Qd8 15.Qxe6 Nxd4 16.Nxd4 Qxd4 17.Nd5 Qc5 
18.Bg5 Qd6 19.Rfe1 Qxe6 20.Rxe6 O-O-O 21.Nxe7+ 
Nxe7 22.Rxe7 Rd3 23.Rc1 Rhd8 24.Rexc7+ 1-0

[Event "HCL-B061"]
[Site "www.playchess.de"]
[Date "2001.04.01"]
[Round "9"]
[White "csadler"]
[Black "mrchess"]
[WhiteElo "1024"]
[BlackElo "1588"]
[PlyCount "48"]
[Result "0-1"]

1.e4 d6 2.d4 Nd7 3.Nc3 Ngf6 4.Nf3 e5 5.Bc4 Be7 
6.Ng5 O-O 7.Nxf7 Rxf7 8.Bxf7+ Kxf7 9.O-O c6 10.Bg5 
Qc7 11.Qf3 Nf8 12.d5 Ng6 13.Rad1 Bg4 14.Qg3 Bxd1 
15.Rxd1 Qd7 16.f3 Nh5 17.Qg4 Qxg4 18.fxg4 Bxg5 
19.Rf1+ Nhf4 20.g3 Rf8 21.gxf4 exf4 22.Ne2 Re8 
23.c4 Rxe4 24.Nc3 Rxc4 0-1

[Event "HCL-A038"]
[Site "www.playchess.de"]
[Date "2001.04.02"]
[Round "4"]
[White "MarkusSSG"]
[Black "klypp"]
[WhiteElo "2380"]
[BlackElo "1700"]
[PlyCount "112"]
[Result "0-1"]

1.Nf3 c5 2.c4 Nf6 3.Nc3 d5 4.cxd5 Nxd5 5.e4 Nb4 
6.Bc4 Nd3+ 7.Ke2 Nf4+ 8.Kf1 Ne6 9.b4 cxb4 10.Ne2 
Nc7 11.d4 e6 12.h4 Be7 13.Bf4 O-O 14.Rc1 Nba6 
15.Bd3 Bd7 16.Ne5 Bb5 17.Bb1 Rc8 18.Kg1 Bd6 19.Nd3 
Bxf4 20.Ndxf4 Nb8 21.Ng3 Nc6 22.d5 Ne5 23.Bc2 Bc4 
24.Bb3 exd5 25.exd5 Nb5 26.Bxc4 Nxc4 27.Qg4 Ne5 
28.Rxc8 Nxg4 29.Rxd8 Rxd8 30.Rh3 Nc3 31.Nf5 g6 
32.Ne3 Nxe3 33.Rxe3 Nxa2 34.Kf1 a5 35.Ke1 a4 
36.Kd2 b3 37.g4 Nb4 38.Kc3 Nxd5+ 39.Nxd5 Rxd5 
40.Re2 b5 41.f3 Rc5+ 42.Kb4 Rc4+ 43.Kxb5 a3 
44.Kxc4 b2 45.Re8+ Kg7 46.Rb8 a2 47.Rxb2 a1Q {%}  
48.Rd2 Qe1 49.Rd4 Qxh4 50.Rd3 h5 51.Rd4 hxg4 
52.fxg4 Kh6 53.Rf4 f5 54.Kb5 Qxg4 55.Rb4 Qxb4+ 
56.Kxb4 Kg5 0-1

[Event "HCL-A061"]
[Site "www.playchess.de"]
[Date "2001.04.02"]
[Round "15"]
[White "Jessica"]
[Black "gelus"]
[WhiteElo "1700"]
[BlackElo "1700"]
[PlyCount "56"]
[Result "0-1"]

1.e4 c6 2.d4 d5 3.Nc3 dxe4 4.Nxe4 Nd7 5.Bc4 Ngf6 
6.Nxf6+ Nxf6 7.Nf3 Bf5 8.c3 e6 9.Qb3 Qc7 10.O-O 
Bd6 11.g3 O-O 12.Ng5 Rfd8 13.Re1 h6 14.Nxe6 Bxe6 
15.Bxe6 fxe6 16.Rxe6 Qf7 17.Bxh6 Nd5 18.Rae1 gxh6 
19.Rxh6 Rde8 20.Rf1 Bf8 21.Rh4 Re2 22.a3 Rae8 
23.Rg4+ Bg7 24.c4 Nb6 25.Qd3 Nxc4 26.f4 Qd5 27.Rf3 
Nd2 28.Rf2 R2e1+ 0-1

[Event "HCL-B109"]
[Site "www.playchess.de"]
[Date "2001.04.02"]
[Round "4"]
[White "tuzlak"]
[Black "antaios"]
[WhiteElo "1500"]
[BlackElo "1255"]
[PlyCount "52"]
[Result "0-1"]

1.e4 e5 2.Nf3 Nc6 3.Bc4 Nf6 4.Nc3 Be7 5.Ng5 O-O 
6.d3 Nd4 7.Nd5 b5 8.Nxf6+ Bxf6 9.Qh5 Bxg5 10.Bxg5 
Qe8 11.Bb3 d6 12.Qh4 Kh8 13.c3 Nc6 14.O-O Be6 
15.c4 Nd4 16.Bd1 bxc4 17.dxc4 Bxc4 18.Re1 f6 
19.Be3 Rb8 20.b3 g5 21.Qg3 Bf7 22.h4 f5 23.exf5 
gxh4 24.Qxh4 Bd5 25.Bxd4 Rxf5 26.Bc2 
Rh5 0-1

[Event "HCL-B123"]
[Site "www.playchess.de"]
[Date "2001.04.02"]
[Round "9"]
[White "raimacs"]
[Black "Ludger"]
[WhiteElo "1459"]
[BlackElo "1500"]
[PlyCount "86"]
[Result "0-1"]

1.e4 d5 2.exd5 Nf6 3.Nc3 Nxd5 4.Nxd5 Qxd5 5.Ne2 e5 
6.Nc3 Qa5 7.Bc4 Bf5 8.Qf3 e4 9.Bb5+ Qxb5 10.Nxb5 
exf3 11.Nxc7+ Kd7 12.Nxa8 fxg2 13.Rg1 Bh3 14.d4 
Bd6 15.f4 Nc6 16.c3 g5 17.Kf2 gxf4 18.Kf3 Rxa8 
19.Bxf4 Bxf4 20.Kxf4 Rg8 21.Ke3 {back to the game} 
 Be6 22.b3 Bd5 23.c4 Re8+ 24.Kf4 Be4 25.Rae1 f5 
26.a3 Rg8 27.h3 Kc7 28.d5 Nd4 29.Re3 Kd6 30.b4 b5 
31.cxb5 Kxd5 32.Ree1 Ne6+ 33.Ke3 Rg3+ 34.Kd2 Nf4 
35.h4 Kd4 36.b6 Rd3+ 37.Kc2 Rc3+ 38.Kb2 Nd3+ 
39.Ka2 Bd5+ 40.Kb1 Rb3+ 41.Ka1 Rxa3+ 42.Kb1 Nxe1 
43.Rxe1 Kc3 0-1

[Event "HCL-B135"]
[Site "www.playchess.de"]
[Date "2001.04.02"]
[Round "1"]
[White "dmitry"]
[Black "jonte2"]
[WhiteElo "1389"]
[BlackElo "1581"]
[PlyCount "52"]
[Result "0-1"]

1.e4 e5 2.Nf3 Nc6 3.Bc4 Bc5 4.c3 Nf6 5.d4 exd4 
6.cxd4 Bb4+ 7.Bd2 Nxe4 8.Qe2 d5 9.Bd3 Qe7 10.Bxb4 
Nxb4 11.Bxe4 Qxe4 12.Nc3 Nc2+ 13.Kf1 Qxe2+ 14.Kxe2 
Nxa1 15.Rxa1 c6 16.Re1 Be6 17.Kf1 O-O 18.Ne5 Rfe8 
19.Na4 f6 20.Nf3 Bg4 21.Nc5 Bxf3 22.Rxe8+ Rxe8 
23.gxf3 Re7 24.Kg2 Kf7 25.Kg3 b6 26.Nb3 
Re2 0-1

[Event "ACL-A069"]
[Site "www.playchess.de"]
[Date "2001.04.02"]
[Round "8"]
[White "dzwonek"]
[Black "Romulus73"]
[WhiteElo "1632"]
[BlackElo "1500"]
[PlyCount "89"]
[Result "1-0"]

1.d4 Nf6 2.Nf3 e6 3.c4 b6 4.Nc3 Bb7 5.e3 c5 6.Bd3 
cxd4 7.exd4 d5 8.cxd5 Nxd5 9.Bb5+ Bc6 10.Qd3 Qd7 
11.Ne5 Bxb5 12.Nxb5 Bb4+ 13.Nc3 Qc7 14.Bd2 Bxc3 
15.bxc3 Nc6 16.Nxc6 Qxc6 17.c4 Nf6 18.O-O O-O 
19.Rac1 Qd6 20.Rfd1 Rfe8 21.Bg5 e5 22.c5 Qxd4 
23.Bxf6 Qxd3 24.Rxd3 gxf6 25.c6 f5 26.c7 e4 27.Rd7 
Rac8 28.Rcd1 Kf8 29.Kf1 {I will try a couple of 
moves.}  f4 30.Ke2 b5 31.R1d5 b4 32.f3 e3 33.R5d1 
a5 34.R1d4 h6 35.h3 h5 36.h4 f6 37.R4d6 a4 
38.Rxf6+ Kg8 39.Rxf4 b3 40.Rxa4 bxa2 41.Rxa2 Kf8 
42.Ra4 Re7 43.Rf4+ Ke8 44.Rd8+ Rxd8 
45.Rf8+ 1-0

[Event "ACL-A075"]
[Site "www.playchess.de"]
[Date "2001.04.02"]
[Round "11"]
[White "Sunny"]
[Black "chrisg"]
[WhiteElo "1500"]
[BlackElo "1780"]
[PlyCount "54"]
[Result "0-1"]

1.d4 d5 2.c4 c6 3.Nf3 Nf6 4.Nc3 Bf5 5.cxd5 Nxd5 
6.Qb3 Nb6 7.e4 Bg6 8.Bf4 e6 9.O-O-O N8d7 10.Bg5 
Be7 11.Bf4 O-O 12.Be2 a5 13.h4 a4 14.Qc2 Nd5 
15.Bd2 N7f6 16.Bd3 Nb4 17.Qb1 c5 18.Bc4 cxd4 {Why 
a draw?}  19.Bg5 Qc7 20.Rxd4 e5 21.Nb5 Qc5 22.Nxe5 
Qxe5 23.f4 Qc5 {.}  24.Rhd1 Rfc8 25.f5 Qxb5 
26.fxg6 Rxc4+ 27.Rxc4 Qxc4+ 0-1

[Event "HCL-B148"]
[Site "www.playchess.de"]
[Date "2001.04.02"]
[Round "19"]
[White "msmsk"]
[Black "Hawk"]
[WhiteElo "1566"]
[BlackElo "1200"]
[PlyCount "35"]
[Result "1/2-1/2"]

1.b4 d5 2.Bb2 Nd7 3.Nf3 Ngf6 4.e3 e6 5.b5 Be7 
6.Be2 O-O 7.O-O b6 8.d4 a6 9.a4 axb5 10.axb5 Rxa1 
11.Bxa1 Re8 12.Nbd2 Bd6 13.c4 dxc4 14.Nxc4 Be7 
15.Qc2 Bb7 16.Rc1 Nd5 17.Nce5 Nxe5 
18.Nxe5 1/2-1/2

[Event "HCL-A070"]
[Site "www.playchess.de"]
[Date "2001.04.02"]
[Round "2"]
[White "kondor"]
[Black "legbreak"]
[WhiteElo "1622"]
[BlackElo "1700"]
[PlyCount "45"]
[Result "1-0"]

1.e4 d6 2.d4 Nf6 3.Nc3 c6 4.f4 Qa5 5.Bd3 e5 6.Nf3 
Bg4 7.Be3 exf4 8.Bxf4 Qb6 9.Ne2 Qxb2 10.Rb1 Qxa2 
11.Rxb7 Nbd7 12.O-O Bxf3 13.gxf3 Be7 14.Qe1 Qe6 
15.Ng3 O-O 16.Qc3 Rfc8 17.Ra1 Bd8 18.Nf5 d5 19.Nd6 
Rc7 20.Rxc7 Bxc7 21.Qxc6 Rc8 22.Rxa7 Ne8 
23.Nxc8 1-0

[Event "HCL-A070"]
[Site "www.playchess.de"]
[Date "2001.04.02"]
[Round "5"]
[White "ViktorZeu"]
[Black "paule"]
[WhiteElo "1700"]
[BlackElo "1898"]
[PlyCount "46"]
[Result "1/2-1/2"]

1.e4 {Prevet!}  e6 {Privet! Esli est' kirillitsa, 
mozno perepisyvat'sya bolee udobnymi bukvami:)}  
2.d4 {Ne, u mena net drugich bukvov, no tak tosche 
moschno perepisivatsa!}  d5 {Ya tak ponyal, cho ty 
tol'ko chto zaregistrirovavsya na saite?}  3.Nd2 
{Pravelna! Etu stranitsu mne charoschij Drug 
pakasal! Ty ischo irgaesch na drugich 
chess-sites?}  c5 {Sovsem nemnozhko igrayu 
www.chess-net.com. Poxozhyi site, no est' i 
otlichiya. Posmotri - interesno.}  4.dxc5 {Ya 
smotrel... Ya igraju inogda na www.chessclub.de... 
tam igra idot LIVE!}  Bxc5 {Tam tozhe po 
perepiske?}  5.Nb3 {Da. No ja tam ne dolgo 
igraju.}  Bb6 {Izvini, ya ne zapisal adres site'a. 
Napomni, please...}  6.exd5 {Ja dwe site snaju.. 
samaja lutschia "www.gamecolony.com". Ili 
"www.chessclub.com".}  exd5 {Spasibo, budet 
vremya, zaglyanu. No ved' chessclub.com - eto 
blitz? Ili ne tol'ko?}  7.Nf3 {Poschalosto. 
Chessclub igrajut 10 min sa fsu partiu. Ja tam ne 
tak mnogo snaju, no cato v gamecolony}  Nc6 8.Be2 
{Esli xochech mochem sigrat v gamecolony.com, f 
subotu w 20.00 moskovskowa wrema?}  Nf6 {Ya mogu v 
internet vykhodit' tol'ko v budnie dni, s 
raboty...}  9.O-O {Kogda u teba bylo by svobodnoia 
wrema?}  h6 {V budnie dni posle 21:00 ya obychno 
svoboden. Ya sizhu na rabote i polzayu po 
internetu, igrayu ...}  10.c3 {Kak by u teba 
widelas w ponedelnik w 21.30? Ti uche tam za 
regestrirawalsa? Jesli da, kokoe name?}  O-O {YA 
zaregistrirovan tol'ko na freechess.org. 
Nickname=benedyuck. Obychno v 21:30 ya svoboden 
uzhe...}  11.Nfd4 {W freechess tam live igrajut? 
Ya dumal my w gamecolony.com igrat budem. Tam moi 
Nickn.=_Botvinnik_.}  Qd6 {Ya vecherom posmotryu, 
chto takoe gamecolony.com. Freechess.org takoi zhe 
server, kak chessclub.com.}  12.Re1 {Nu posmatrel? 
Ja chetaju chto gamecolony.com lutschija 
livechesssite.Esli anmeldalsa,kokoi nickname?}  
Re8 {Ya zabolel, i u menya ne bylo vozmozhnosti 
posmotret'. Na etoi nedele tochno posmotryu!}  
13.Be3 {OK... Ya budu chdat.}  Bc7 {OK:)}  14.g3 
Bb6 15.Bf4 Ne5 16.Bf3 Bh3 {Ya rabotayu v internete 
cherez proxi, i u menya ne zapuskaetsya Java s 
doskoi:( (v gamecolony).}  17.Bh1 {Ladno. Eto 
fsorawno... Budim Igrat sdes}  Re7 18.Rxe5 Rxe5 
19.Bxe5 Qxe5 20.Qe1 Re8 21.Qxe5 Rxe5 22.Bg2 Bd7 
23.Kf1 Kf8 1/2-1/2

[Event "HCL-A068"]
[Site "www.playchess.de"]
[Date "2001.04.02"]
[Round "36"]
[White "mrchess"]
[Black "stud"]
[WhiteElo "1582"]
[BlackElo "1180"]
[PlyCount "29"]
[Result "1-0"]

1.d4 {good luck}  Nf6 {u2}  2.c4 e6 3.Nc3 c5 4.Nf3 
cxd4 5.Nxd4 Nc6 6.Nxc6 bxc6 7.Bg5 Bb4 8.e3 Qa5 
9.Bxf6 gxf6 10.Qc2 Ba6 11.a3 Bxc3+ 12.bxc3 Rb8 
13.Bd3 Qc5 14.Qe2 Rb3 15.O-O 1-0

[Event "HCL-A071"]
[Site "www.playchess.de"]
[Date "2001.04.02"]
[Round "3"]
[White "stud"]
[Black "BerndS"]
[WhiteElo "1180"]
[BlackElo "1736"]
[PlyCount "36"]
[Result "0-1"]

1.e4 c5 2.g3 Nc6 3.Bg2 e6 4.c3 d5 5.exd5 exd5 6.d4 
cxd4 7.cxd4 Nf6 8.Nf3 Bb4+ 9.Nc3 Ne4 10.Bd2 Nxd2 
11.Qxd2 O-O 12.O-O Bf5 13.Rae1 Qa5 14.Ne5 Bxc3 
15.bxc3 Rac8 16.Nxc6 Rxc6 17.Re5 Be6 18.Rfe1 
h6 0-1

[Event "HCL-A071"]
[Site "www.playchess.de"]
[Date "2001.04.02"]
[Round "6"]
[White "BerndS"]
[Black "Bishopf7"]
[WhiteElo "1736"]
[BlackElo "1700"]
[PlyCount "43"]
[Result "1-0"]

1.d4 Nf6 2.c4 g6 3.Nc3 Bg7 4.e4 d6 5.h3 O-O 6.Bg5 
c5 7.d5 a6 8.a4 Qa5 9.Bd2 e6 10.Bd3 Qc7 11.Nge2 
exd5 12.exd5 Nbd7 13.f4 b6 14.O-O Re8 15.Ng3 Bb7 
16.Qc2 Re7 17.f5 Rae8 18.fxg6 fxg6 19.Bf4 Ne5 
20.Bg5 Rf7 21.Nge2 Bc8 22.Bxf6 1-0

[Event "HCL-B167"]
[Site "www.playchess.de"]
[Date "2001.04.02"]
[Round "3"]
[White "Eyechess"]
[Black "Snide"]
[WhiteElo "1394"]
[BlackElo "1200"]
[PlyCount "86"]
[Result "0-1"]

1.e4 Nc6 {Good luck!}  2.Nf3 d6 3.d4 {The Same to 
You!}  Nf6 4.Nc3 a6 5.Bg5 g6 6.d5 Nb8 7.Qd2 Bg7 
8.Bh6 O-O 9.Bxg7 Kxg7 10.Be2 e5 11.e6 Bxe6 12.O-O 
Nc6 13.Nd4 Nxd4 14.Qxd4 c5 15.Qd2 Qb6 16.b3 Rfe8 
17.Rfd1 Rad8 18.Bf3 Rd7 19.a4 Qa5 20.Qd3 c4 
21.bxc4 Bxc4 22.Qd4 Be6 23.g4 Rc8 24.Nd5 Bxd5 
25.g5 Be6 26.Qxf6+ Kg8 27.h4 Rxc2 28.Rdc1 Rc5 
29.Qb2 Rdc7 30.Rxc5 dxc5 31.Qe5 Rc8 32.Rb1 b5 
33.axb5 axb5 34.h5 gxh5 35.Bxh5 b4 36.Rd1 Qc7 
37.Qf6 Re8 38.e5 b3 39.Bf3 Qe7 40.Qf4 Rd8 41.Rb1 
Rd4 42.Qe3 Qd7 43.Re1 b2 0-1

[Event "HCL-C171"]
[Site "www.playchess.de"]
[Date "2001.04.02"]
[Round "2"]
[White "Smutje"]
[Black "sonnyspock"]
[WhiteElo "954"]
[BlackElo "1141"]
[PlyCount "78"]
[Result "0-1"]

1.e3 {hi}  e5 {hello!}  2.Qf3 d5 3.c4 c6 4.cxd5 
cxd5 5.e4 dxe4 6.Qxe4 Nf6 7.Bb5+ Ke7 8.Qb4+ Qd6 
9.a3 Qxb4 10.Ne2 Qxb5 11.Nbc3 Qa6 12.O-O Bg4 13.f3 
Bxf3 14.Rxf3 Nc6 15.b4 Ne4 16.d3 Nxc3 17.Nxc3 Ke6 
18.b5 Qb6+ 19.Kf1 Nd4 20.Re3 Nc2 21.Na4 Nxe3+ 
22.Ke2 Qd4 23.Rb1 Qxa4 24.Kxe3 Bc5+ 25.Kf3 f5 
26.Bb2 Qf4+ 27.Ke2 Qf2+ 28.Kd1 Qf1+ 29.Kc2 Qe2+ 
30.Kc3 Bd4+ 31.Kb3 Qxd3+ 32.Ka2 Bxb2 33.Rxb2 Rac8 
34.h4 Rc2 35.h5 Rhc8 36.b6 Rxb2+ 37.Kxb2 Qc2+ 
38.Ka1 Qxg2 39.h6 Rc1+ 0-1

[Event "ACL-E002"]
[Site "www.playchess.de"]
[Date "2001.04.02"]
[Round "9"]
[White "anthon_der_schreck"]
[Black "rht341"]
[WhiteElo "1926"]
[BlackElo "2112"]
[PlyCount "61"]
[Result "1/2-1/2"]

1.d4 {hello! nice to meet you}  Nf6 {Hello, nice 
to meet you too.}  2.Bg5 d5 3.Bxf6 exf6 4.e3 Be6 
5.Nd2 Nd7 6.Bd3 f5 7.Qf3 g6 8.Ne2 Bg7 9.Nf4 c5 
10.c3 O-O 11.O-O Qb6 12.Nxd5 Qxb2 13.Rfd1 Bxd5 
14.Qxd5 Nb6 15.Qb3 Qxb3 16.axb3 Rfc8 17.Be2 Nd5 
18.Nb1 cxd4 19.cxd4 Nf6 20.Nd2 Rce8 21.Bf3 Re7 
22.g3 Ne4 23.Nc4 a6 24.Rac1 Kf8 25.Nb6 Rd8 26.Rc2 
Ke8 27.d5 Be5 28.Rdc1 Kf8 29.Bg2 Ree8 30.Nc4 Bb8 
31.Rd1 {I've blown my win somewhere!} 
 1/2-1/2

[Event "HCL-A073"]
[Site "www.playchess.de"]
[Date "2001.04.02"]
[Round "35"]
[White "Roussos"]
[Black "Drawmaster"]
[WhiteElo "1700"]
[BlackElo "1700"]
[PlyCount "39"]
[Result "1/2-1/2"]

1.e4 e6 {Best of luck}  2.d4 d5 3.Nc3 Nf6 4.Bg5 
{no luck in chess!!!!}  Bb4 5.e5 h6 6.Bd2 Bxc3 
7.bxc3 Ne4 8.Bd3 Nxd2 9.Qxd2 O-O 10.Nf3 Nc6 
11.O-O-O Rb8 12.h4 Re8 13.g4 Qe7 14.g5 h5 15.Rdg1 
g6 16.c4 Nb4 17.Kb1 Bd7 18.cxd5 Nxd5 19.c4 Nb6 
20.Ka1 1/2-1/2

[Event "ACL-A092"]
[Site "www.playchess.de"]
[Date "2001.04.02"]
[Round "10"]
[White "jjbranc"]
[Black "plobi"]
[WhiteElo "1500"]
[BlackElo "1308"]
[PlyCount "141"]
[Result "1-0"]

1.e4 Nf6 2.d3 d5 3.e5 Nfd7 4.Nf3 c5 5.g3 Nc6 6.Bg2 
g6 7.O-O Bg7 8.Nc3 d4 9.Nd5 Ndxe5 10.Nf4 Bg4 
11.Qe2 O-O 12.Qe4 Nxf3+ 13.Bxf3 Bxf3 14.Qxf3 Qd7 
{I'm sorry about my delay ...}  15.Re1 Ne5 16.Qd5 
{Not a problem...}  Qxd5 17.Nxd5 Nf3+ 18.Kf1 Nxe1 
19.Kxe1 Rfd8 20.Nc7 Rac8 21.Nb5 a6 22.Na3 b5 {no 
thanks, I am going to win this game ...}  23.b3 b4 
24.Nc4 Rca8 25.Na5 Rd5 26.Nc6 Bf6 27.Bf4 g5 28.Bd2 
Rc8 29.Na5 Re5+ 30.Kf1 c4 31.Nxc4 Rb5 32.Re1 a5 
33.Rb1 Kg7 34.Kg2 Kg6 35.Kf3 Kf5 36.g4+ Ke6 
37.Re1+ Kd5 38.Kg3 h6 39.Kf3 Ra8 40.a3 a4 41.Bxb4 
e5 42.Nd6 axb3 43.Nxb5 Rb8 44.Nd6 {Not this time.  
;-)}  bxc2 45.Nxf7 Rc8 46.Rc1 Rc7 47.Nxh6 Rh7 
48.Nf5 Rxh2 49.Rxc2 Rh3+ 50.Ke2 e4 51.Rc5+ Ke6 
52.dxe4 d3+ 53.Kd2 Rh2 54.Kxd3 Rxf2 55.Rc6+ Kf7 
56.Ke3 Rh2 57.Rc7+ Ke6 58.Rc6+ Kf7 {yo}  59.Nd6+ 
Kg7 60.Ne8+ Kf7 61.Nxf6 Kg7 62.Ne8+ Kf7 63.Nc7 
Rh3+ 64.Kd4 Rg3 65.Ne6 Rxg4 66.Nxg5+ Rxg5 67.e5 
Rg4+ 68.Kd5 Ke8 69.Kd6 Rg6+ 70.e6 Rg7 
71.Rc8+ 1-0

[Event "HCL-C177"]
[Site "www.playchess.de"]
[Date "2001.04.02"]
[Round "11"]
[White "livingmike"]
[Black "Cosmo"]
[WhiteElo "1000"]
[BlackElo "1072"]
[PlyCount "51"]
[Result "1-0"]

1.e4 {hello}  e5 2.Be2 Nf6 {u 2}  3.Nc3 Bb4 4.Nf3 
d6 5.Bd3 Bg4 6.Bb5+ c6 7.Be2 Bxc3 8.bxc3 Nxe4 9.h4 
O-O 10.d3 Nxc3 11.Qd2 Nxe2 12.Qxe2 Re8 13.Qe3 Nd7 
14.Qe4 Bxf3 15.gxf3 Qf6 16.Qg4 e4 17.fxe4 Ne5 
18.Qg2 Nf3+ 19.Ke2 {welcome back I was begining to 
worry}  Qxa1 {sorry...honeymoon...}  20.Qxf3 
{congratulations}  Qxa2 {thx}  21.Rg1 Qxc2+ 22.Ke3 
d5 23.Qg3 g6 24.e5 Qc5+ 25.d4 Qc3+ 
26.Kf4 1-0

[Event "HCL-C178"]
[Site "www.playchess.de"]
[Date "2001.04.02"]
[Round "8"]
[White "dg"]
[Black "Pocman"]
[WhiteElo "1110"]
[BlackElo "1428"]
[PlyCount "72"]
[Result "0-1"]

1.e4 c5 2.Nf3 d6 3.b3 Nc6 4.Bb5 Bd7 5.Bxc6 Bxc6 
6.d3 e6 7.Bb2 Nf6 8.Nc3 Be7 9.Qe2 O-O 10.h4 a6 
11.g4 Nd7 12.O-O-O b5 13.g5 a5 14.h5 a4 15.Rdg1 b4 
16.Nd1 axb3 17.axb3 Ra2 18.h6 g6 19.Kb1 Qa5 20.c3 
Ra8 21.cxb4 cxb4 22.Qe3 Nc5 23.d4 Ra1+ 24.Kc2 Nxb3 
25.Bxa1 Nxa1+ 26.Kd2 Qa2+ 27.Ke1 Nc2+ 28.Kf1 Nxe3+ 
29.Nxe3 Bxe4 30.Rg3 Bxg5 31.Kg2 Bxe3 32.Kh3 Qxf2 
33.Kg4 Ra5 34.Rhh3 Bf5+ 35.Kh4 Qc2 36.Rh2 
Qe4+ 0-1

[Event "HCL-A075"]
[Site "www.playchess.de"]
[Date "2001.04.02"]
[Round "30"]
[White "dynamitedan"]
[Black "paule"]
[WhiteElo "2004"]
[BlackElo "1955"]
[PlyCount "44"]
[Result "1/2-1/2"]

1.e4 {Greetings from Perth Western Australia - 
good luck in the tournament}  e6 {Hi from Russia! 
I wish successful game.}  2.d4 d5 3.e5 c5 4.c3 Nc6 
5.Nf3 Qb6 6.Bd3 cxd4 7.cxd4 Bd7 8.Bc2 Nb4 9.O-O 
Nxc2 10.Qxc2 Ne7 11.Rd1 Nf5 12.g4 Ne7 13.Nc3 Rc8 
14.Bg5 h5 15.h3 Ng6 16.Kg2 Bb4 17.Rac1 Bb5 18.Qd2 
Bc4 19.a3 Bf8 20.Rdh1 hxg4 21.hxg4 Rxh1 22.Rxh1 
Kd7 1/2-1/2

[Event "HCL-C183"]
[Site "www.playchess.de"]
[Date "2001.04.02"]
[Round "6"]
[White "kooldown"]
[Black "Tigger"]
[WhiteElo "1301"]
[BlackElo "1000"]
[PlyCount "34"]
[Result "0-1"]

1.e4 e5 {Hello from Wiesbaden, Germany!}  2.f4 
{Hallo aus Niederkassel}  Bc5 {Niederkassel bei 
Düsseldorf?}  3.Nf3 {Nicht ganz. Zwischen Bonn und 
Köln.}  d6 {Ooops, Erdkunde ...}  4.Bc4 Nf6 {sorry 
für die späte Antwort, ich war die letzten Tage 
krank.}  5.d3 {Jetzt nie nächsten Tage werde ich 
wahrscheinlich auch nicht spielen können, wegen 
Karneval}  O-O {Viel Spaß beim Feiern!}  6.Nc3 Ng4 
7.d4 exd4 8.Nxd4 Re8 9.O-O Nc6 10.Nce2 Rxe4 11.c3 
Qf6 12.Kh1 Bxd4 13.Nxd4 Nxd4 14.cxd4 Qh4 15.h3 
Nf2+ 16.Rxf2 Qxf2 17.b3 Re1+ 0-1

[Event "HCL-A078"]
[Site "www.playchess.de"]
[Date "2001.04.02"]
[Round "13"]
[White "teenspirit"]
[Black "chessnut"]
[WhiteElo "1732"]
[BlackElo "2020"]
[PlyCount "38"]
[Result "0-1"]

1.d4 {Well, here we go again my friend! hope to 
have a little more of action in this game :)}  Nf6 
2.Nf3 d5 3.c4 e6 4.Nc3 Bb4 5.Bg5 dxc4 6.e4 h6 
7.Bxf6 Qxf6 8.Bxc4 O-O 9.O-O Rd8 10.e5 Qe7 {What 
about our other game?}  11.Qe2 {I have moved in 
our other game, sorry about the delay}  c6 12.Rfd1 
Nd7 13.Rac1 Ba5 14.Ne4 Nb6 15.Bb3 Nd5 16.Bc2 f5 
17.exf6 gxf6 18.Ng3 Bc7 19.Nh5 
Qf7 0-1

[Event "HCL-A079"]
[Site "www.playchess.de"]
[Date "2001.04.02"]
[Round "34"]
[White "stud"]
[Black "klypp"]
[WhiteElo "1180"]
[BlackElo "2119"]
[PlyCount "22"]
[Result "0-1"]

1.e4 c5 2.Nf3 e6 3.d4 cxd4 4.Nxd4 Nf6 5.Nc3 Bb4 
6.Qf3 O-O 7.Bd2 Nc6 8.Nb3 a6 9.O-O-O Qc7 10.a3 Be7 
11.Be3 Ne5 0-1

[Event "HCL-C191"]
[Site "www.playchess.de"]
[Date "2001.04.02"]
[Round "1"]
[White "Hobbit"]
[Black "Smutje"]
[WhiteElo "1000"]
[BlackElo "941"]
[PlyCount "61"]
[Result "1-0"]

1.d4 d5 2.c4 dxc4 {guten morgen}  3.Qa4+ {Hallo 
Smutje, Gruß aus Schwaben.}  Qd7 {danke gruß aus 
ostfriesland}  4.Qxc4 Nf6 5.g3 Ng4 6.Bh3 h5 7.f3 
e6 8.fxg4 a6 9.Bf4 c6 10.Nd2 b5 11.Qd3 Qd5 12.Ngf3 
g5 13.Bxg5 hxg4 14.Bxg4 c5 15.e4 c4 16.exd5 cxd3 
17.dxe6 Bxe6 18.Bxe6 fxe6 19.O-O Bb4 20.Rae1 Nc6 
21.Rxe6+ Kd7 22.Rfe1 Kc7 23.Rc1 Bd6 24.Be7 Bxe7 
25.Rxe7+ Kb6 26.Re6 Rac8 27.Ne5 Ka5 28.Nxc6+ Ka4 
29.d5 Rh5 30.Re4+ b4 31.Rxb4+ 1-0

[Event "ACL-A085"]
[Site "www.playchess.de"]
[Date "2001.04.02"]
[Round "2"]
[White "Martinio"]
[Black "serpens"]
[WhiteElo "1500"]
[BlackElo "1500"]
[PlyCount "47"]
[Result "1-0"]

1.d4 e6 2.c4 Nf6 3.Nc3 Bb4 4.e3 c5 5.Bd3 O-O 
6.Nge2 d5 7.O-O dxc4 8.Bxc4 cxd4 9.exd4 Nc6 10.Bg5 
Be7 11.Qd3 a6 12.a3 b5 13.Bb3 Bb7 14.Bc2 g6 15.Bh6 
Re8 16.Rfd1 Bf8 17.Bxf8 Rxf8 18.Qe3 Na5 19.b3 Nd5 
20.Nxd5 Qxd5 21.f3 Nc6 22.Be4 Qd6 23.d5 exd5 
24.Bxd5 1-0

[Event "HCL-B187"]
[Site "www.playchess.de"]
[Date "2001.04.02"]
[Round "5"]
[White "German04"]
[Black "ARM"]
[WhiteElo "1222"]
[BlackElo "1241"]
[PlyCount "27"]
[Result "1-0"]

1.e4 Nf6 2.e5 Nd5 3.d4 d6 4.Nf3 Bg4 5.h3 Bxf3 
6.Qxf3 dxe5 7.dxe5 e6 8.Bc4 Nc6 9.O-O Nxe5 10.Qe4 
Nxc4 11.Qxc4 c6 12.Nc3 Be7 13.Qg4 Nxc3 
14.bxc3 1-0

[Event "HCL-C185"]
[Site "www.playchess.de"]
[Date "2001.04.02"]
[Round "8"]
[White "chvs2002"]
[Black "Jernau"]
[WhiteElo "1000"]
[BlackElo "1672"]
[PlyCount "29"]
[Result "1-0"]

1.e4 Nf6 2.Nc3 e5 3.d3 Nc6 4.Nf3 Bb4 5.a3 Bc5 6.b4 
Bd4 7.Nxd4 Nxd4 8.Qd2 d6 9.Qg5 Nxc2+ 10.Kd1 Nxa1 
11.Qxg7 Bg4+ 12.f3 Rg8 13.Qh6 Be6 14.Bg5 Rg6 
15.Qh4 1-0

[Event "HCL-B187"]
[Site "www.playchess.de"]
[Date "2001.04.02"]
[Round "7"]
[White "Sixty4"]
[Black "BorEl"]
[WhiteElo "1661"]
[BlackElo "1490"]
[PlyCount "21"]
[Result "1-0"]

1.b4 e5 2.Bb2 {Hi, I'm Thomas from Germany}  Bxb4 
{Hello. I'm Boris.}  3.Bxe5 {Nice to meet you, 
you're from the Ukraine - which City?}  Nf6 {From 
little town...}  4.g3 O-O 5.Bg2 Re8 6.Nf3 Nc6 
7.Bxf6 Qxf6 8.c3 Ba5 9.O-O d5 10.d4 Bg4 
11.h3 1-0

[Event "HCL-M006"]
[Site "www.playchess.de"]
[Date "2001.04.02"]
[Round "18"]
[White "kingscrusher"]
[Black "ARMAGEDON_8"]
[WhiteElo "2200"]
[BlackElo "2264"]
[PlyCount "26"]
[Result "0-1"]

1.e4 e5 2.Nf3 Nc6 3.Bb5 f5 4.Nc3 fxe4 5.Nxe4 d5 
6.Ng3 Bg4 7.h3 Bxf3 8.Qxf3 Nf6 9.O-O Bd6 10.Bxc6+ 
bxc6 11.d4 O-O 12.dxe5 Bxe5 13.Ne2 
Ne4 0-1